Città più popolose non Capoluogo Sardegna - Statistics

Statistiche generali
  • Questo quiz è stato fatto 47 volte
    23 dall'ultimo reset
  • Il punteggio medio è 6 su 10
Statistiche sulle risposte
Popolazione Provincia Città % Corretto
68 430 Cagliari Quartu Sant'Elena
95%
42 352 Sassari Alghero
90%
60 385 Sassari Olbia
90%
25 288 Sud Sardegna Iglesias
71%
21 224 Sassari Porto Torres
71%
28 501 Cagliari Selargius
57%
25 944 Cagliari Assemini
52%
20 676 Cagliari Sestu
52%
19 037 Cagliari Monserrato
38%
23 172 Cagliari Capoterra
24%
Nessun quiz corrispondente trovato
Distribuzione punteggi
Percentuale di utenti per punteggio
Percentile per numero di risposta
I tuoi punteggi nel tempo
Non hai fatto questo quiz dall'ultimo reset